000 00300nam a22001337a 4500
008 170407b xxu||||| |||| 00| 0 eng d
020 _a0443085668
041 _aeng
080 _a611.018
100 _a9
101 _aSHM
245 _aHISTOPATHOLOGY OF DISEASE
_cLEFKOWITCH, J,H
942 _2udc
_cBK
999 _c10083
_d10083